The theology of canon law: a methodological question

Uloženo v:
Podrobná bibliografie
Hlavní autor: Corecco, Eugenio (Autor)
Médium: Kniha
Jazyk:angličtina
Vydáno: Pittsburgh Duquesne University Press 1992
Témata:
Tagy: Přidat tag
Žádné tagy, Buďte první, kdo vytvoří štítek k tomuto záznamu!

MARC

LEADER 00000nam a2200000 a 4500
001 UCR7303
003 CL-VaPUC
008 980514e19920000US |||||||||||||||||eng|d
082 0 4 |a 262.9  |b COR  |2 21 
100 0 |a Corecco, Eugenio  |e author  |9 408635 
245 1 4 |a The theology of canon law: a methodological question 
300 |a 159 p 
942 |c BK 
945 |d 19980514 00:00:00  |a mvenant 
260 |a Pittsburgh  |b Duquesne University Press  |c 1992 
650 7 |a DERECHO CANONICO  |2 CL-VaPUC  |9 408636 
650 0 |a Filosofía de la religión   |9 256017 
650 0 |a Historia  |9 255047 
650 0 |a Teología   |9 258766 
583 |a last modification  |c 19980514 00:00:00  |k Rodrigo Vera 
999 |c 269036  |d 269034 
952 |0 0  |1 0  |4 0  |6 262_900000000000000_COR_1992  |7 0  |8 A  |9 302623  |a BIBDER  |b BIBDER  |d 2019-11-20  |i 3425088  |o 262.9 COR 1992  |p 3425088  |r 2023-01-25  |w 2019-11-20  |y BK  |k DER